New Headway Upper-Intermediate : Student's Book

Gespeichert in:
Bibliographische Detailangaben
Hauptverfasser: Soars, Liz, 1945-, Soars, John, 1951- (Verfasst von)
Format: Buch
Sprache:Englisch
Veröffentlicht: Oxford Oxford University Press 2005
Ausgabe:3. edition, 1. published 2005
Schlagworte:
Online-Zugang:Im OPAC anzeigen
Tags: Tag hinzufügen
Keine Tags, Fügen Sie das erste Tag hinzu!

MARC

LEADER 00000nam a2200000 a 4500
005 20260127134025.0
008 090726s2005 xxka 000 0 eng d
020 |a 9780194392990 (brož.) 
035 |a vtls009834017 
035 |a (SVKBBclas03)vtls000298306 
039 9 |a 201111281107  |b mschk03  |y 200907261022  |z VLOAD 
040 |a SVKBB  |b slo  |c SVKBB  |d STUSCHK1  |e AACR2 
041 0 |a eng 
080 |a 811.111  |2 2001 
080 |a (075)  |2 2001 
100 1 |a Soars, Liz,  |d 1945- 
245 1 0 |a New Headway  |b Upper-Intermediate : Student's Book  |c John Soars, Liz Soars 
250 |a 3. edition, 1. published 2005 
260 |a Oxford  |b Oxford University Press  |c 2005 
300 |a 159 s.  |b fotogr., obr.  |c 30 cm 
650 1 7 |a angličtina  |2 SVKBBPH 
655 7 |a učebnice pre stredne pokročilých  |2 SVKBBPH 
700 1 |a Soars, John,  |d 1951-  |4 aut 
910 |a SCHK95 
919 |a 978-0-19-439299-0 
999 |c 2284  |d 2284